000 00320nam a2200145Ia 4500
005 20250423095938.0
008 250422s9999 xx 000 0 und d
020 _a9780406176141
050 _aKA 90 .D3/
100 _aDenning, Lord
245 0 _aLand Mark in Law
260 _c1984
300 _a375 p
942 _cBK
999 _c31817
_d31817